000 00439nam a22001577a 4500
003 OSt
005 20151102143926.0
008 151102b xxu||||| |||| 00| 0 eng d
040 _cRUA
082 _aFOR សាយ 1991 B116 Or.1
100 _93187
_aសាយ សាយឿន
245 _aទំនិញឈើ នៅរដ្ឋកម្ពុជា
260 _aPhnom Penh
_bRUA
_c1991
300 _a50p.
_bill.
_c29cm.
942 _2ddc
_cFOR
999 _c2975
_d2975